Catálogo público

Reporte de viaje generacional al estado de Chiapas, México / (Record no. 171387)

MARC details
000 -CABECERA
campo de control de longitud fija 03181nam a2200541 a 4500
003 - IDENTIFICADOR DEL NÚMERO DE CONTROL
campo de control CHAP
005 - FECHA Y HORA DE LA ÚLTIMA TRANSACCIÓN
campo de control 20250805115347.0
007 - CAMPO FIJO DE DESCRIPCIÓN FÍSICA--INFORMACIÓN GENERAL
campo de control de longitud fija ta
008 - DATOS DE LONGITUD FIJA--INFORMACIÓN GENERAL
campo de control de longitud fija 220117s2001 mx abdofs 001 0 spa d
040 ## - FUENTE DE LA CATALOGACIÓN
Centro/agencia transcriptor CHAP
Centro catalogador/agencia de origen mxchpua
Normas de descripción rda
090 ## - LOCALMENTE ASIGNADO TIPO-LC NÚMERO DE CLASIFICACIÓN (OCLC); NÚMERO DE CLASIFICACIÓN LOCAL (RLIN)
Número de clasificación (OCLC) (R) ; Numero de clasificación, CALL (RLIN) (NR) T.C.88
Número cutter local (OCLC) ; Número de libro/Signatura topográfica íntegra, CALL (RLIN) E85 IAI
Año 2012
245 10 - MENCIÓN DE TÍTULO
Título Reporte de viaje generacional al estado de Chiapas, México /
Mención de responsabilidad, etc. coordinadores Félix Esparza Torres y Amílcar Renan Mejenes Quijano ; colaboradores Jonathan Almaro Vilchis...[y otros]
260 ## - PUBLICACIÓN, DISTRIBUCIÓN, ETC.
Lugar de publicación, distribución, etc. Chapingo, México :
Nombre del editor, distribuidor, etc. El autor,
Fecha de publicación, distribución, etc. 2012
300 ## - DESCRIPCIÓN FÍSICA
Extensión 142 páginas :
Otras características físicas ilustraciones, mapas, gráficas, diagramas, tablas, fotos
336 ## - TIPO DE CONTENIDO
Fuente rdacontent
Término de tipo de contenido texto
Código de tipo de contenido txt
337 ## - TIPO DE MEDIO
Fuente rdamedia
Nombre/término del tipo de medio computadora
Código del tipo de medio c
338 ## - TIPO DE SOPORTE
Fuente rdacarrier
Nombre/término del tipo de soporte disco de computadora
Código del tipo de soporte cd
500 ## - NOTA GENERAL
Nota general 5° año Grupo 3 --<br/>Directorio: páginas 119-121
502 ## - NOTA DE TESIS
Nota de tesis Viaje de Estudios
Tipo de título (IAI) --
Nombre de la institución que otorga el título UACh. Departamento de Ingeniería Agroindustrial,
Año de obtención del título 2012
505 0# - NOTA DE CONTENIDO CON FORMATO
Nota de contenido con formato Visitas --
Título 1. Comisión para el Desarrollo y Fomento del Café --<br/>2. Nutrientes Orgánicos(lombricomposta) --<br/>3. PRONACAM-TZIMOL --<br/>4. Cría de Conejo Exprés --<br/>5. Grupo Agroindustrial Chiapas(GRACHI) --<br/>6. Rancho Bulush-bak --<br/>7. Producción y Comercialización de Miel "la cañada" --<br/>8. Macadamias Industriales de Ocosingo DERIMAC --<br/>9. FARUYA LA CANDELARIA S.P.R.L (carne de conejo) --<br/>10. Producción y fermentación de cacao --<br/>11. Limón Persa --<br/>12. COMCAFE --<br/>13. Secretaria del Campo Palenque --<br/>14. Agroindustrias de palenque AGROIPSA (extracción de aceite de palma africana)
650 13 - PUNTO DE ACCESO ADICIONAL DE MATERIA--TÉRMINO DE MATERIA
Término de materia o nombre geográfico como elemento de entrada Industria del cacao
Subdivisión geográfica México
-- Chiapas
9 (RLIN) 189903
650 13 - PUNTO DE ACCESO ADICIONAL DE MATERIA--TÉRMINO DE MATERIA
Término de materia o nombre geográfico como elemento de entrada Industria quesera
Subdivisión geográfica México
-- Chiapas
9 (RLIN) 151687
650 13 - PUNTO DE ACCESO ADICIONAL DE MATERIA--TÉRMINO DE MATERIA
Término de materia o nombre geográfico como elemento de entrada Industria pesquera
Subdivisión geográfica México
-- Chiapas
9 (RLIN) 159483
650 13 - PUNTO DE ACCESO ADICIONAL DE MATERIA--TÉRMINO DE MATERIA
Término de materia o nombre geográfico como elemento de entrada Carne de conejo
Subdivisión general Industria y comercio
Subdivisión geográfica México
-- Chiapas
9 (RLIN) 19140
650 13 - PUNTO DE ACCESO ADICIONAL DE MATERIA--TÉRMINO DE MATERIA
Término de materia o nombre geográfico como elemento de entrada Miel y productos fabricados por abejas
Subdivisión general Industria y comercio
Subdivisión geográfica México
-- Chiapas
9 (RLIN) 162813
650 13 - PUNTO DE ACCESO ADICIONAL DE MATERIA--TÉRMINO DE MATERIA
Término de materia o nombre geográfico como elemento de entrada Vermicultura
Subdivisión general Industria y comercio
Subdivisión geográfica México
-- Chiapas
9 (RLIN) 138001
650 13 - PUNTO DE ACCESO ADICIONAL DE MATERIA--TÉRMINO DE MATERIA
Término de materia o nombre geográfico como elemento de entrada Nueces macadamia
Subdivisión general Industria y comercio
Subdivisión geográfica México
-- Chiapas
9 (RLIN) 157317
650 13 - PUNTO DE ACCESO ADICIONAL DE MATERIA--TÉRMINO DE MATERIA
Término de materia o nombre geográfico como elemento de entrada Productos del café
Subdivisión general Industria y comercio
Subdivisión geográfica México
-- Chiapas
9 (RLIN) 159558
650 13 - PUNTO DE ACCESO ADICIONAL DE MATERIA--TÉRMINO DE MATERIA
Término de materia o nombre geográfico como elemento de entrada Cocoa industry
Subdivisión geográfica Mexico
-- Chiapas
9 (RLIN) 189906
650 13 - PUNTO DE ACCESO ADICIONAL DE MATERIA--TÉRMINO DE MATERIA
Término de materia o nombre geográfico como elemento de entrada Cheese industry
Subdivisión geográfica Mexico
-- Chiapas
9 (RLIN) 151683
650 13 - PUNTO DE ACCESO ADICIONAL DE MATERIA--TÉRMINO DE MATERIA
Término de materia o nombre geográfico como elemento de entrada Fish industry
Subdivisión geográfica Mexico
-- Chiapas
9 (RLIN) 159654
650 13 - PUNTO DE ACCESO ADICIONAL DE MATERIA--TÉRMINO DE MATERIA
Término de materia o nombre geográfico como elemento de entrada Rabbit meat
Subdivisión general Industry and trade
Subdivisión geográfica Mexico
-- Chiapas
9 (RLIN) 148598
650 13 - PUNTO DE ACCESO ADICIONAL DE MATERIA--TÉRMINO DE MATERIA
Término de materia o nombre geográfico como elemento de entrada Honey and bee products
Subdivisión general Industry and trade
Subdivisión geográfica Mexico
-- Chiapas
9 (RLIN) 162812
650 13 - PUNTO DE ACCESO ADICIONAL DE MATERIA--TÉRMINO DE MATERIA
Término de materia o nombre geográfico como elemento de entrada Vermiculture
Subdivisión general Industry and trade
Subdivisión geográfica Mexico
-- Chiapas
9 (RLIN) 158760
650 13 - PUNTO DE ACCESO ADICIONAL DE MATERIA--TÉRMINO DE MATERIA
Término de materia o nombre geográfico como elemento de entrada Macadamia Nuts
Subdivisión general Industry and trade
Subdivisión geográfica Mexico
-- Chiapas
9 (RLIN) 157316
650 13 - PUNTO DE ACCESO ADICIONAL DE MATERIA--TÉRMINO DE MATERIA
Término de materia o nombre geográfico como elemento de entrada Coffee products
Subdivisión general Industry and trade
Subdivisión geográfica Mexico
-- Chiapas
9 (RLIN) 159557
700 1# - PUNTO DE ACCESO ADICIONAL--NOMBRE DE PERSONA
Nombre de persona Esparza Torres, Félix
9 (RLIN) 154340
Término indicativo de función/relación coordinador
700 1# - PUNTO DE ACCESO ADICIONAL--NOMBRE DE PERSONA
Nombre de persona Mejenes Quijano, Amilcar Renán
9 (RLIN) 147387
Término indicativo de función/relación coordinador
700 1# - PUNTO DE ACCESO ADICIONAL--NOMBRE DE PERSONA
Nombre de persona Almaro Vilchis, Jonathan
9 (RLIN) 129936
Término indicativo de función/relación colaborador
856 41 - LOCALIZACIÓN Y ACCESO ELECTRÓNICOS
Identificador Uniforme del Recurso <a href="http://10.13.5.2/ve/TC88_IAI/TC88_IAI_2012-REPORTE.pdf">http://10.13.5.2/ve/TC88_IAI/TC88_IAI_2012-REPORTE.pdf</a>
Texto de enlace DESCARGAR REPORTE
942 ## - ELEMENTOS DE PUNTO DE ACCESO ADICIONAL (KOHA)
Fuente del sistema de clasificación o colocación Clasificación Universidad Autónoma de Chapingo
901 ## - ELEMENTOS DE DATOS A LOCAL LDA (RLIN)
a T.C.88 E85 IAI 2012
902 ## - ELEMENTOS DE DATOS B LOCAL, LDB (RLIN)
a M
905 ## - ELEMENTOS DE DATOS E LOCAL, LDE (RLIN)
a 0000002001 mx 0000000000spa00
942 ## - ELEMENTOS DE PUNTO DE ACCESO ADICIONAL (KOHA)
Tipo de ítem Koha Viaje de Estudios
Holdings
Estado de retiro Estado de pérdida Fuente del sistema de clasificación o colocación Estado dañado Restricciones de uso No para préstamo Código de colección Localización permanente Ubicación/localización actual Fuente de adquisición Total de préstamos Signatura topográfica completa Código de barras Fecha visto por última vez Número de copia Tipo de ítem Koha Ubicación en estantería Fecha de adquisición Precio válido a partir de
    Clasificación Universidad Autónoma de Chapingo   Préstamo interno   Viajes de Estudio Ingenieria Agroindustrial Ingenieria Agroindustrial El autor   T.C.88 E85 IAI 2012 1106005767 18/01/2022 Ej. 1 CD      
    Clasificación Universidad Autónoma de Chapingo       Viajes de estudio - En línea Ingenieria Agroindustrial Ingenieria Agroindustrial El autor   T.C.88 E85 IAI 2012 1206005767 05/08/2025   Viajes de Estudio - En línea En línea 05/08/2025 05/08/2025